000 00585nam a22002297a 4500
003 UA-OsUOA
001 55459
007 ta
008 20080915b un ||||| |||| 00| 0 ukr d
100 _aХміль І.
090 _a821.161.2
_bХ65
942 _cBK
040 _aUA-OsUOA
_bukr
_cUA-OsUOA
_dUA-OsUOA
245 _aГомін Полісся
_bПоезії
300 _a242 с.
955 _a2
041 _aukr
080 _a821.161.2
260 _aВінніпег
_c1960
650 7 _a82 Література. Літературознавство
_2UDC
999 _c341567
_d341567